LEADER 01939oam 2200481 a 450 001 9910703025103321 005 20110121131957.0 035 $a(CKB)4330000001752349 035 $a(OCoLC)690019245 035 $a(EXLCZ)994330000001752349 100 $a20101206d2010 ua 0 101 0 $aeng 135 $aurcn||||||||| 181 $ctxt$2rdacontent 182 $cc$2rdamedia 183 $acr$2rdacarrier 200 00$a1-10 kW stationary combined heat and power systems status and technical potential$b[electronic resource] $eindependent review /$f[Hans Maru ... [and others], Independent Review Panel] ; published for the U.S. Department of Energy Hydrogen and Fuel Cells Program 210 1$aGolden, Colo. :$cNational Renewable Energy Laboratory,$d[2010] 215 $a1 online resource (x, 29 pages) $ccolor illustrations 225 1 $aNREL/BK ;$v6A10-48265 300 $aTitle from title screen (viewed December 6, 2010). 300 $a"November 2010." 320 $aIncludes bibliographical references (page 24). 517 $a1-10 kW stationary combined heat and power systems status and technical potential 517 $a1?10 kW Stationary Combined Heat and Power Systems Status and Technical Potential 606 $aFuel cells$xResearch 606 $aHydrogen as fuel 606 $aProton exchange membrane fuel cells 606 $aSolid oxide fuel cells 615 0$aFuel cells$xResearch. 615 0$aHydrogen as fuel. 615 0$aProton exchange membrane fuel cells. 615 0$aSolid oxide fuel cells. 701 $aMaru$b Hans C$01420923 712 02$aNational Renewable Energy Laboratory (U.S.) 712 02$aHydrogen and Fuel Cells Program (U.S.) 801 0$bSOE 801 1$bSOE 801 2$bGPO 906 $aBOOK 912 $a9910703025103321 996 $a1-10 kW stationary combined heat and power systems status and technical potential$93540459 997 $aUNINA LEADER 01110nam0 22002651i 450 001 UON00427104 005 20231205104851.730 100 $a20130618d1936 |0itac50 ba 101 $ager$aGOT 102 $aDE 105 $a|||| ||||| 200 1 $aAdolf Lüderitz$eein deutscher Kampf um Südafrika, 1883-1886. Geschichte des ersten kolonialpioniers im zeitalter Bismarcks$fvon Wilhelm Schüssler 210 $aBremen$cCarl Schünemann Verlag$d1936 215 $a263 p., [10] c. di tav.$d21 cm. 606 $aGermnia$xColonialismo$3UONC084133$2FI 620 $aDE$dBremen$3UONL004905 676 $a325.343096$cCOLONIALISMO TEDESCO - Africa$v22 700 1$aSCHÜSSLER$bWilhelm$3UONV185564$0699951 712 $aSchünemann Verlag$3UONV272410$4650 801 $aIT$bSOL$c20250808$gRICA 899 $aSIBA - SISTEMA BIBLIOTECARIO DI ATENEO$2UONSI 912 $aUON00427104 950 $aSIBA - SISTEMA BIBLIOTECARIO DI ATENEO$dSI TED 10 a SCH 09 $eSI ST 5824 5 09 $sBuono 996 $aAdolf Lüderitz$91336892 997 $aUNIOR